| 000 | 01248cam a22003497a 4500 | ||
|---|---|---|---|
| 003 | CHAP | ||
| 005 | 20250925090614.0 | ||
| 008 | 971013s1994 r 00010 d | ||
| 010 | _a70247 | ||
| 011 | _a71219 | ||
| 035 | _a80773 | ||
| 040 | _cCHAP | ||
| 090 | _aTesis | ||
| 100 | 1 | 0 |
_aMartín Hernández, José _954195 |
| 245 | 0 | _aEstudio de factibilidad para el establecimiento de una planta procesadora de nopal verdura (Opuntia ficus-indica (L.) Miller), en Milpa Alta, D.F. | |
| 260 |
_aChapingo, Méx. : _bEl autor, _c1994 |
||
| 300 |
_a182 h. _b: ilus |
||
| 502 | _aTesis (Ing. Agroindustrial) -- UACH. Departamento de Ingeniería Agroindustrial | ||
| 590 |
_aALEPH _b10 _c20130110 _lUCH01 _h1410 |
||
| 590 |
_aBATCH-UPD _b10 _c20130110 _lUCH01 _h0019 |
||
| 590 |
_aBATCH-UPD _b10 _c20130110 _lUCH01 _h2008 |
||
| 590 |
_aBATCH-UPD _b10 _c20130410 _lUCH01 _h1327 |
||
| 590 |
_aBATCH-UPD _b10 _c20130914 _lUCH01 _h1841 |
||
| 590 |
_aCONVERSION _b10 _c20130109 _lUCH01 _h1339 |
||
| 650 | 1 | 4 |
_aNopal _xIndustria. _981676 |
| 650 | 1 | 4 |
_aNopal _xMercadeo. _981683 |
| 650 | 1 | 4 |
_aNopal _zMéxico (D.F.). _981708 |
| 901 | _aBK | ||
| 942 | _cFOLL | ||
| 949 |
_bBC _cTES _d-33737 _eTS1 _h30056 _i80773 _si |
||
| 949 |
_bBC _cTES _d-33738 _eTS2 _fc.2 _h30058 _i80773 _si |
||
| 999 |
_c70247 _d70247 |
||